| Tag |
First Indicator |
Second Indicator |
Subfields |
| LEADER |
00000uam a2200000 a 4500 |
| 001 |
in00004147021 |
| 005 |
20260122220905.7 |
| 006 |
m o d |
| 007 |
cr cn |
| 008 |
080513s2006 xx o eng |
| 020 |
|
|
|z 9780321421647
|
| 020 |
|
|
|z 0321421647
|
| 035 |
|
|
|a (CaSebORM)0321421647
|
| 040 |
|
|
|d UtOrBLW
|
| 041 |
0 |
|
|a eng
|
| 100 |
1 |
|
|a Rubin, Michael,
|e author.
|0 http://id.loc.gov/authorities/names/n2005066572
|
| 245 |
1 |
0 |
|a Apple Training Series iLife '06 /
|c Rubin, Michael.
|
| 250 |
|
|
|a 1st edition.
|
| 264 |
|
1 |
|b Peachpit Press,
|c 2006.
|
| 300 |
|
|
|a 1 online resource (480 pages)
|
| 336 |
|
|
|a text
|b txt
|2 rdacontent
|
| 337 |
|
|
|a computer
|b c
|2 rdamedia
|
| 338 |
|
|
|a online resource
|b cr
|2 rdacarrier
|
| 347 |
|
|
|a text file
|
| 520 |
|
|
|a In the only Apple-certified guide to iLife '06, you will be making miracles with iLife within the first few pages. Using real-life material and practical lessons that you can apply immediately to your own projects, this book/DVD combo offers a complete, self-paced course in all aspects of iLife '06. Focused lessons take you step-by-step through everything from arranging your iTunes library to creating Hollywood-style movies using motion titles. Fully updated to cover all the new features of iLife '06 including the brand new iWeb application, this book will take you from newbie to producer of your own media content in one day! The book is both a self-paced learning tool and the official curriculum of the Apple Training and Certification Program, used by schools and training centers worldwide. An easy, accessible style paired with ample illustrations and keyboard shortcuts guarantee that readers will make iLife their life in no time.
|
| 533 |
|
|
|a Electronic reproduction.
|b Boston, MA :
|c Safari,
|n Available via World Wide Web.
|d 2006.
|
| 538 |
|
|
|a Mode of access: World Wide Web.
|
| 542 |
|
|
|f Copyright © 2006 by Michael Rubin
|g 2006
|
| 588 |
|
|
|a Online resource; Title from title page (viewed April 25, 2006)
|
| 500 |
|
|
|a Electronic resource.
|
| 655 |
|
7 |
|a Electronic books.
|2 local
|
| 710 |
2 |
|
|a Safari, an O'Reilly Media Company.
|
| 856 |
4 |
0 |
|u https://proxy.library.tamu.edu/login?url=https://go.oreilly.com/TAMU/library/view/-/0321421647/?ar
|z Connect to this electronic resource
|t 0
|
| 999 |
f |
f |
|s 2ce7b020-466c-306e-8410-2d6f4f0f7bfc
|i 3c7316a5-2cf8-305e-8af5-f8b6759fcefd
|t 0
|
| 952 |
f |
f |
|a Texas A&M University
|b College Station
|c Electronic Resources
|s www_evans
|d Available Online
|t 0
|h No information provided
|
| 998 |
f |
f |
|t 0
|l Available Online
|